| 000 | nam a22 7a 4500 | ||
|---|---|---|---|
| 999 |
_c153174 _d153172 |
||
| 005 | 20191128124138.0 | ||
| 008 | 191128b sp ||||| |||| 00| 0 spa d | ||
| 020 | _a8480180781 | ||
| 050 | 0 | 4 |
_aKJE6976 _bG63 1995 |
| 100 | 1 | _aGodoy, Antonio. | |
| 245 | 1 | 3 |
_aEl derecho de la televisión sin fronteras _c/ Antonio Godoy. |
| 250 | _a1a ed. | ||
| 260 |
_aAlicante : _bInstituto de Cultura Juan Gil-Albert ; _bAguaclara, _c1995. |
||
| 300 |
_a429 p. ; _c24 cm. |
||
| 490 | 0 |
_aAmalgama ; _v11. |
|
| 504 | _aBibliografía : p. 393-416. | ||
| 650 | 4 |
_aTransmisión directa de televisión por satélite _xLeyes y legislación _zPaíses de la Comunidad Económica Europea. |
|
| 650 | 7 |
_2lemb _aTelevisión _xDerecho |
|
| 942 |
_2lcc _cLIB |
||